El reverso de las democracias reales : agravios históricos e injusticias presentes /

Guardado en:
Bibliografiske detaljer
Hovedforfatter: Delgado Parra, Concepción (coordinación e introducción)
Andre forfattere: Sermeño Quezada, Angel (coordinación e introducción) (coordinación e introducción), Aragón Rivera, Alvaro (coordinación e introducción) (coordinación e introducción), Pereda, Carlos (conferencia) (conferencia), Reyes Mate, Manuel (conferencia) (conferencia)
Format: Bog
Sprog:spansk
Udgivet: México : Gedisa : UNAM, Instituto de Investigaciones Filosóficas, 2023, c2023
Fag:
Tags: Tilføj Tag
Ingen Tags, Vær først til at tagge denne postø!

MARC

LEADER 00000nam^a2200000^a^4500
001 000568585
005 20250521000000.0
009 20260310132150.607
020 |a 978-607-8866-33-5 
037 |a Acervo ITESO - Biblioteca 
041 |a ESP 
082 |a 320. 01  |b DEL 
100 |a Delgado Parra, Concepción  |e (coordinación e introducción) 
245 1 3 |a El reverso de las democracias reales :  |b agravios históricos e injusticias presentes /  |c Coord. e introd. de C. Delgado Parra, A. Sermeño Quezada, A. Aragón Rivera. 
264 4 |a México :  |b Gedisa :  |b UNAM, Instituto de Investigaciones Filosóficas,  |c 2023, c2023 
300 |a 262 p. 
336 |a texto  |b txt  |2 rdacontenido 
337 |a sin mediación  |b n  |2 rdamedio 
338 |a volumen  |b nc  |2 rdasoporte 
649 |a XX 
650 |a Diferencia y Otredad 
650 |a Igualdad y Desigualdad 
650 |a Justicia e Injusticia 
650 |a Libertad 
650 |a Memoria Social 
650 |a Violencia Política 
650 |a Populismo 
650 |a Autoritarismo 
650 |a Democracia -  |z Latinoamérica 
650 |a Democracia -  |x Tema Principal 
650 |a Derechos Humanos 
650 |a Política -  |x Teoría 
650 |a Pereda, Carlos 
650 |a Reyes Mate, Manuel 
700 |a Sermeño Quezada, Angel  |e (coordinación e introducción) 
700 |a Aragón Rivera, Alvaro  |e (coordinación e introducción) 
700 |a Pereda, Carlos  |e (conferencia) 
700 |a Reyes Mate, Manuel  |e (conferencia) 
740 3 |a El reverso de las democracias reales :  |b agravios históricos e injusticias presentes : diálogo filosófico : Carlos Pereda y Manuel Reyes Mate /  |c Conferencia de C. Pereda, M. Reyes Mate. 
910 |a Fondo General 
920 |a Impresos - Libros 
930 |a Colección General 
905 |a 101 
901 |a 0500395221  |b IT1  |c ACC  |i C182862  |u 20250521 
902 |a https://opac.biblio.iteso.mx/vufind/Record/000568585